Women and decision making in South Asia and the Pacific (Record no. 4850)
[ view plain ]
| 000 -LEADER | |
|---|---|
| fixed length control field | 00617nam a2200169 4500 |
| 003 - CONTROL NUMBER IDENTIFIER | |
| control field | LK-CoMWRAF |
| 008 - FIXED-LENGTH DATA ELEMENTS--GENERAL INFORMATION | |
| fixed length control field | 240309b2002 |||||||| |||| 00| 0 eng d |
| 040 ## - CATALOGING SOURCE | |
| Original cataloging agency | LK-CoMWRAF |
| Modifying agency | LK-CoMWRAF |
| Description conventions | LK-CoMWRAF |
| 041 ## - LANGUAGE CODE | |
| Language code of text/sound track or separate title | English |
| 082 ## - DEWEY DECIMAL CLASSIFICATION NUMBER | |
| Classification number | 305.42 |
| Item number | ASI |
| 942 ## - ADDED ENTRY ELEMENTS (KOHA) | |
| Koha item type | Conference Proceeding |
| 111 ## - MAIN ENTRY--MEETING NAME | |
| Meeting name or jurisdiction name as entry element | ASIA PACIFIC FORUM ON WOMEN, LAW AND DEVELOPMENT |
| Location of meeting | ( Chaingmai, Thailand |
| Date of meeting | 4-5 November 1999) |
| 245 ## - TITLE STATEMENT | |
| Title | Women and decision making in South Asia and the Pacific |
| 260 ## - PUBLICATION, DISTRIBUTION, ETC. (IMPRINT) | |
| Place of publication, distribution, etc. | Chaingmal: |
| Name of publisher, distributor, etc. | Asia Pacific forum on women, law and development, |
| Date of publication, distribution, etc. | 2002 |
| 650 ## - SUBJECT ADDED ENTRY--TOPICAL TERM | |
| Topical term or geographic name as entry element | FEMINISM-Decision making-South east Asia |
| 650 ## - SUBJECT ADDED ENTRY--TOPICAL TERM | |
| Topical term or geographic name as entry element | FEMINISM-Decision making-Pacific |
| Withdrawn status | Lost status | Damaged status | Not for loan | Permanent Location | Current Location | Date acquired | Full call number | Barcode | Koha item type |
|---|---|---|---|---|---|---|---|---|---|
| Resource center, Muslim Women's Research And Action Forum | Resource center, Muslim Women's Research And Action Forum | 2024-03-09 | 305.42 ASI | RAF5190 | Conference Proceeding |

